[Event "Chigorin Memorial 2014"]
[Site "St Petersburg RUS"]
[Date "2014.10.23"]
[Round "6.87"]
[White "Kozlitin, Oleg"]
[Black "Naumenko, Oleg"]
[Result "0-1"]
[WhiteTitle "IM"]
[WhiteElo "2348"]
[BlackElo "2133"]
[WhiteFideId "4143590"]
[BlackFideId "4180046"]
[EventDate "2014.10.18"]

1. e4 Nf6 2. e5 Nd5 3. d4 d6 4. Nf3 g6 5. Be2 Bg7 6. O-O O-O 7. c4 Nb6 8. exd6
cxd6 9. Nc3 Bg4 10. Be3 Nc6 11. b3 d5 12. c5 Nc8 13. b4 a6 14. Rb1 Bxf3 15. Bxf3
e6 16. a4 N8e7 17. b5 axb5 18. axb5 Na5 19. Be2 Nf5 20. Na4 Nc4 21. Bxc4 dxc4
22. Nb6 Ra2 23. Nxc4 Nxd4 24. Nd6 Ne2+ 25. Kh1 Qh4 26. Qb3 Be5 27. h3 Ng3+ 28.
Kg1 Ne2+ 29. Kh1 Rfa8 30. Rfe1 R8a3 31. Qc4 Nd4 32. Qf1 Nc2 33. Re2 Nxe3 34.
fxe3 f5 35. Rxa2 Qg3 36. Qg1 Rxa2 37. Nxb7 g5 38. Nd6 g4 0-1

[Event "Chigorin Memorial 2014"]
[Site "St Petersburg RUS"]
[Date "2014.10.23"]
[Round "6.88"]
[White "Biriukov, Oleg V."]
[Black "Kozhabekov, Adilkhan"]
[Result "1-0"]
[WhiteTitle "IM"]
[WhiteElo "2327"]
[BlackElo "2107"]
[WhiteFideId "4123174"]
[BlackFideId "13702858"]
[EventDate "2014.10.18"]

1. d4 Nf6 2. c4 e6 3. Nc3 Bb4 4. Qc2 O-O 5. a3 Bxc3+ 6. Qxc3 d5 7. Bg5 dxc4 8.
Qxc4 b6 9. Rd1 Ba6 10. Qa4 Qd7 11. Qc2 Qb5 12. Bxf6 gxf6 13. Nf3 Qa5+ 14. Qd2
Qxd2+ 15. Nxd2 Rd8 16. e3 Bxf1 17. Rxf1 Nd7 18. Ne4 Kg7 19. Ke2 f5 20. Nc3 c5
21. f3 cxd4 22. Rxd4 Ne5 23. Rxd8 Rxd8 24. Rc1 Kf6 25. Nb5 Rd7 26. f4 Ng6 27. g3
Ke7 28. Rc8 h6 29. b4 Nf8 30. Ra8 Nh7 31. Nxa7 Nf6 32. Nc8+ Ke8 33. Nxb6+ Rd8
34. Rxd8+ Kxd8 35. Nc4 Nd5 36. Kd3 f6 37. Kd4 Kc7 38. b5 h5 39. a4 Nb4 40. a5
Nc2+ 41. Kc5 Ne1 42. b6+ Kb7 43. Kb5 Nc2 44. a6+ Kb8 45. b7 Ka7 46. Na5 1-0

[Event "Chigorin Memorial 2014"]
[Site "St Petersburg RUS"]
[Date "2014.10.23"]
[Round "6.89"]
[White "Abdusattorov, Nodirbek"]
[Black "Batyuk, Artem"]
[Result "1/2-1/2"]
[WhiteTitle "FM"]
[WhiteElo "2212"]
[BlackElo "2324"]
[WhiteFideId "14204118"]
[BlackFideId "34115088"]
[EventDate "2014.10.18"]

1. e4 e5 2. Nf3 Nc6 3. Bb5 Nge7 4. Nc3 g6 5. d4 exd4 6. Nd5 Bg7 7. Bg5 h6 8. Bf6
Bxf6 9. Nxf6+ Kf8 10. O-O Kg7 11. Nd5 d6 12. Nxe7 Qxe7 13. Bxc6 bxc6 14. Qxd4+
f6 15. Nd2 Qe5 16. c3 c5 17. Qe3 Re8 18. f4 Qe7 19. Qg3 Bb7 20. Rae1 Qf7 21. b3
Re7 22. Re3 Rae8 23. Rfe1 Kh7 24. h3 Bc6 25. c4 Qg7 26. Kh2 f5 27. e5 g5 28. Nf3
Bxf3 29. Rxf3 gxf4 30. Qxf4 Rxe5 31. Ref1 Rg8 32. R1f2 Qg5 33. Qxg5 Rxg5 34. h4
Rg4 35. Rxf5 Rxf5 36. Rxf5 Kg7 37. Kh3 Re4 38. Rf3 a5 39. a4 c6 40. g3 Rd4 41.
h5 d5 42. Rc3 Kf6 43. cxd5 Rxd5 44. Kh4 1/2-1/2

[Event "Chigorin Memorial 2014"]
[Site "St Petersburg RUS"]
[Date "2014.10.23"]
[Round "6.90"]
[White "Khadzhiev, Valery"]
[Black "Tseitlin, Mark D"]
[Result "0-1"]
[BlackTitle "GM"]
[WhiteElo "2134"]
[BlackElo "2320"]
[WhiteFideId "34154601"]
[BlackFideId "2800128"]
[EventDate "2014.10.18"]

1. d4 Nf6 2. Nf3 g6 3. e3 Bg7 4. Be2 O-O 5. O-O d6 6. c4 Nbd7 7. Nc3 e5 8. Qc2
Re8 9. Rd1 e4 10. Nd2 Qe7 11. b4 Nf8 12. Qb3 h5 13. c5 Be6 14. cxd6 cxd6 15. Bc4
Bxc4 16. Qxc4 Rac8 17. Qb3 h4 18. h3 Qd7 19. Nd5 N8h7 20. b5 g5 21. Ba3 Bf8 22.
Rdc1 Qf5 23. Nxf6+ Nxf6 24. Rxc8 Rxc8 25. Rf1 d5 26. Bxf8 Kxf8 27. f3 Qe6 28.
Qa3+ Kg7 29. Qxa7 Rc2 30. Qa5 b6 31. Qb4 Rxa2 32. Qc3 Qe7 33. Qc1 Qb4 34. Rf2
exf3 35. gxf3 Qxb5 36. Rg2 Qd3 37. Qe1 Kf8 38. Kh1 Qc3 39. Kh2 Nh5 40. f4 Ng3 0-1

[Event "Chigorin Memorial 2014"]
[Site "St Petersburg RUS"]
[Date "2014.10.23"]
[Round "6.91"]
[White "Donskov, Anatoly"]
[Black "Reshetnikov, Ruslan"]
[Result "1-0"]
[WhiteTitle "FM"]
[WhiteElo "2309"]
[BlackElo "2106"]
[WhiteFideId "24143413"]
[BlackFideId "34102768"]
[EventDate "2014.10.18"]

1. e4 e6 2. d4 d5 3. Nc3 Nf6 4. e5 Nfd7 5. f4 c5 6. Nf3 Nc6 7. Be3 a6 8. Qd2 b5
9. Qf2 Qb6 10. Bd3 g6 11. O-O cxd4 12. Nxd4 Nxd4 13. Bxd4 Qxd4 14. Qxd4 Bc5 15.
Ne2 Bxd4+ 16. Nxd4 Nc5 17. Kf2 Bd7 18. Ke3 h5 19. b4 Na4 20. Nb3 Ke7 21. Kd4
Rac8 22. g3 Rcg8 23. Nc5 Nxc5 24. Kxc5 Rc8+ 25. Kd4 a5 26. a4 bxa4 27. b5 Rb8
28. Rfb1 h4 29. Rxa4 hxg3 30. hxg3 Rh3 31. Rxa5 Rxg3 32. b6 Rg4 33. b7 Rxf4+ 34.
Kc5 Bc8 35. Ra7 Bxb7 36. Rbxb7+ Rxb7 37. Rxb7+ Kf8 38. Rb4 Rf3 39. Kd6 Kg7 40.
Rh4 Rf2 41. Ke7 Rf3 42. Rh1 Rf4 43. Rf1 Rxf1 44. Bxf1 g5 45. Be2 Kg6 46. Bg4 d4
47. Kd6 1-0

[Event "Chigorin Memorial 2014"]
[Site "St Petersburg RUS"]
[Date "2014.10.23"]
[Round "6.92"]
[White "Pisakov, Ilia"]
[Black "Aseev, Vladimir"]
[Result "1-0"]
[WhiteTitle "FM"]
[WhiteElo "2303"]
[BlackElo "2094"]
[WhiteFideId "4139020"]
[BlackFideId "24121371"]
[EventDate "2014.10.18"]

1. e4 c5 2. Nf3 Nc6 3. d4 cxd4 4. Nxd4 g6 5. Nxc6 bxc6 6. Qd4 Nf6 7. e5 Nd5 8.
Nc3 Qb6 9. Qxb6 Nxb6 10. a4 a5 11. Be3 Rb8 12. O-O-O Bg7 13. f4 O-O 14. Bc5 Re8
15. Bd3 d6 16. exd6 Bxc3 17. bxc3 Nxa4 18. Ba3 c5 19. Rde1 Be6 20. dxe7 Rxe7 21.
f5 gxf5 22. Rhf1 Reb7 23. c4 Rb1+ 24. Kd2 Rxe1 25. Rxe1 Kg7 26. Ra1 Kf6 27. Bc1
Bd7 28. Ke3 Ke7 29. g3 Ra8 30. Bd2 Kd6 31. Kf4 Kc7 32. Kg5 Ra6 33. Ra2 Rg6+ 34.
Kf4 Rg4+ 35. Ke5 Kb6 36. Ra3 h5 37. Bf4 Ka6 38. Kd6 Nb6 39. Kxc5 a4 40. Kd4 Kb7
41. c5 Nc8 42. Be2 Rg8 43. Bxh5 Bc6 44. Bxf7 Rf8 45. Bd5 Rd8 46. c4 Na7 47. Bd6
Ka6 48. Bxc6 Nxc6+ 49. Kd5 Nb4+ 50. Ke6 1-0

[Event "Chigorin Memorial 2014"]
[Site "St Petersburg RUS"]
[Date "2014.10.23"]
[Round "6.93"]
[White "Palachev, Petr"]
[Black "Fraiman, Dmitry"]
[Result "1-0"]
[WhiteTitle "FM"]
[WhiteElo "2288"]
[BlackElo "2093"]
[WhiteFideId "24129003"]
[BlackFideId "34100641"]
[EventDate "2014.10.18"]

1. d4 Nf6 2. c4 g6 3. Nc3 Bg7 4. e4 d6 5. f3 O-O 6. Be3 Nc6 7. Qd2 a6 8. Nge2
Na5 9. Nc1 Nd7 10. h4 c5 11. h5 cxd4 12. Bxd4 Ne5 13. b3 Nac6 14. Be3 Qa5 15.
N1e2 b5 16. cxb5 axb5 17. Nd4 Nxd4 18. Bxd4 Bd7 19. f4 Rfc8 20. fxe5 dxe5 21.
Nd5 Qxd2+ 22. Kxd2 exd4 23. Nxe7+ Kf8 24. Nxc8 Rxc8 25. hxg6 hxg6 26. Rc1 Ra8
27. Rc2 Be5 28. Bd3 Ke7 29. Kc1 Bd6 30. Rh7 Ke6 31. Rf2 Rf8 32. Kb2 Be5 33. b4
Ke7 34. a3 Ke8 35. Rc2 Ke7 36. Rc5 Bd6 37. Rg5 Kf6 38. Rd5 Ke6 39. Bxb5 Bc8 40.
Bc4 Ke7 41. Kb3 Be6 42. Rxd4 Be5 43. Rd2 Bg4 44. Rf2 Bd1+ 45. Ka2 1-0

[Event "Chigorin Memorial 2014"]
[Site "St Petersburg RUS"]
[Date "2014.10.23"]
[Round "6.94"]
[White "Belov, Nikita"]
[Black "Palchun, Grigory"]
[Result "1/2-1/2"]
[WhiteElo "2106"]
[BlackElo "2284"]
[WhiteFideId "24167177"]
[BlackFideId "24147338"]
[EventDate "2014.10.18"]

1. c4 e5 2. g3 Nc6 3. Nc3 g6 4. Bg2 Bg7 5. e3 d6 6. Nge2 f5 7. O-O Nf6 8. d3 O-O
9. b3 Be6 10. Bb2 Bf7 11. Qd2 d5 12. Rad1 Qd6 13. cxd5 Nxd5 14. Nxd5 Bxd5 15.
Ba3 Qxa3 16. Bxd5+ Kh8 17. Bxc6 bxc6 18. Rc1 Qa6 19. Rc4 Rfd8 20. Rfc1 Rd6 21.
Qc2 Rf8 22. Ra4 Qb6 23. Qc4 a5 24. d4 exd4 25. Nxd4 Bxd4 26. exd4 f4 27. Qe2 f3
28. Qe5+ Kg8 29. h4 Qa6 30. Rac4 Qc8 31. Kh2 Rf5 32. Qe4 Re6 33. Qd3 Qd7 34.
R4c2 Ref6 35. Re1 Rh5 36. Re4 g5 37. Rc5 Qf7 38. Rxg5+ Rxg5 39. hxg5 Rf5 40. Qe3
Qh5+ 41. Rh4 Qf7 42. Re4 Qh5+ 43. Kg1 Qxg5 44. Re8+ Kg7 45. Re7+ Kh8 46. Qxg5
Rxg5 47. Rxc7 Rd5 48. Rxc6 Rxd4 49. Rc3 Rd1+ 50. Kh2 Rd2 51. Rxf3 Rxa2 52. Kg2
Kg7 53. g4 a4 54. bxa4 Rxa4 55. Kg3 h6 56. Rb3 Kf6 57. Rb6+ Kg7 58. Rb7+ Kf6 59.
Rb6+ Kg7 60. Rb3 Kf6 61. f4 Ra1 62. Rb6+ Kg7 63. f5 Rf1 64. Rb7+ Kf6 65. Rb6+
Kg7 66. Rb7+ Kf6 67. Rh7 Rh1 68. Kg2 Rh4 69. Kf3 Rh1 70. Kg2 Rh4 71. Kg3 Rh1 72.
Kf3 Ke5 73. Re7+ Kf6 74. Re6+ Kg7 75. Kf4 Kf7 76. Rb6 Rf1+ 77. Ke4 Rh1 78. Rc6
Rg1 79. Kf3 h5 1/2-1/2

[Event "Chigorin Memorial 2014"]
[Site "St Petersburg RUS"]
[Date "2014.10.23"]
[Round "6.95"]
[White "Yeletsky, Ivan"]
[Black "Martynyuk, Elizaveta"]
[Result "1-0"]
[WhiteElo "2284"]
[BlackElo "2046"]
[WhiteFideId "24180327"]
[BlackFideId "24128511"]
[EventDate "2014.10.18"]

1. e4 c5 2. Nf3 Nc6 3. Bb5 g6 4. Bxc6 dxc6 5. d3 Bg7 6. h3 Nf6 7. Nc3 Nd7 8. Be3
e5 9. Qd2 h6 10. g4 Qe7 11. O-O-O Nf8 12. Ne2 Ne6 13. c3 Bd7 14. d4 exd4 15.
cxd4 cxd4 16. Nfxd4 Nc5 17. h4 O-O-O 18. Qc3 Ne6 19. Qa5 Qc5+ 20. Qxc5 Nxc5 21.
Nxc6 Bxc6 22. Bxc5 f5 23. Nf4 b6 24. Nxg6 bxc5 25. Nxh8 Rxh8 26. Rd6 Kc7 27. Rg6
Bd4 28. gxf5 Be8 29. Rg2 Bh5 30. Rf1 Re8 31. Kc2 Rb8 32. b3 a5 33. f4 a4 34. e5
axb3+ 35. axb3 Ra8 36. Kd3 Ra3 37. Rb1 Be8 38. Rg7+ Kb6 39. f6 Bb5+ 40. Ke4 Ra8
41. Rd1 Ka5 42. f7 Rf8 43. Rxd4 cxd4 44. e6 d3 45. Ke3 Be8 46. Kxd3 Kb4 47. Ke4
Kxb3 48. h5 Kc4 49. Ke5 Kc5 50. Kf6 Kd6 51. Rg8 Bxf7 52. exf7 Rxg8 53. fxg8=Q 1-0

[Event "Chigorin Memorial 2014"]
[Site "St Petersburg RUS"]
[Date "2014.10.23"]
[Round "6.96"]
[White "Leontiev, Aleksandr V."]
[Black "Repkin, Alexander"]
[Result "1-0"]
[WhiteTitle "IM"]
[WhiteElo "2281"]
[BlackElo "2077"]
[WhiteFideId "4122968"]
[BlackFideId "24126691"]
[EventDate "2014.10.18"]

1. e4 d6 2. d4 Nf6 3. Nc3 e5 4. Nf3 Nbd7 5. Bc4 Be7 6. O-O O-O 7. Re1 c6 8. a4
a5 9. h3 exd4 10. Nxd4 Nc5 11. Bf4 Re8 12. Qf3 Bf8 13. Rad1 Qc7 14. g4 Ncd7 15.
g5 Ne5 16. Bxe5 dxe5 17. Nde2 Be6 18. Bxe6 Rxe6 19. gxf6 Rxf6 20. Qe3 h6 21. Rd3
Kh7 22. Red1 Re8 23. Rd7 Qc8 24. Qb6 1-0

[Event "Chigorin Memorial 2014"]
[Site "St Petersburg RUS"]
[Date "2014.10.23"]
[Round "6.97"]
[White "Baraeva, Marina"]
[Black "Erzhanov, Arman"]
[Result "0-1"]
[WhiteTitle "WIM"]
[BlackTitle "FM"]
[WhiteElo "2089"]
[BlackElo "2278"]
[WhiteFideId "24142573"]
[BlackFideId "4138821"]
[EventDate "2014.10.18"]

1. d4 Nf6 2. c4 c5 3. Nf3 cxd4 4. Nxd4 e6 5. Nc3 Nc6 6. g3 Qb6 7. Nxc6 Qxc6 8.
f3 Qxc4 9. e4 Qb4 10. a3 Qa5 11. Be3 a6 12. b4 Qh5 13. Be2 d6 14. g4 Qh3 15. Qd2
d5 16. exd5 Nxd5 17. Nxd5 exd5 18. Qxd5 Be7 19. Qe4 Be6 20. Qxb7 Bh4+ 21. Bf2
O-O 22. Bf1 Bxf2+ 23. Kxf2 Qh4+ 24. Kg2 Bxg4 25. Qe4 Bh3+ 26. Kg1 Qg5+ 27. Kf2
Rfe8 28. Bxh3 Rxe4 29. fxe4 Qh4+ 30. Kg2 Qxe4+ 31. Kg3 Qe3+ 32. Kg2 Rd8 0-1

[Event "Chigorin Memorial 2014"]
[Site "St Petersburg RUS"]
[Date "2014.10.23"]
[Round "6.98"]
[White "Ovchinnikov, Vsevolod"]
[Black "Snetkov, Ivan"]
[Result "0-1"]
[WhiteTitle "FM"]
[WhiteElo "2272"]
[BlackElo "2011"]
[WhiteFideId "24176842"]
[BlackFideId "24176443"]
[EventDate "2014.10.18"]

1. d4 d5 2. c4 c6 3. Nf3 Nf6 4. Nc3 e6 5. Bg5 dxc4 6. e4 b5 7. e5 h6 8. Bh4 g5
9. Nxg5 hxg5 10. Bxg5 Nbd7 11. g3 Qb6 12. exf6 Bb7 13. Bg2 O-O-O 14. O-O c5 15.
d5 b4 16. Na4 Qa5 17. a3 b3 18. Nc3 Nb6 19. Qg4 Nxd5 20. Rad1 Nxc3 21. Bxb7+
Kxb7 22. bxc3 Rxd1 23. Rxd1 Qb5 24. Qe4+ Ka6 25. a4 Qxa4 26. Qe1 Qc6 27. Ra1+
Kb6 28. Qe2 Qd5 29. h4 Qd3 30. Qb2 a5 31. Be3 Bd6 32. Qa3 Rc8 33. h5 Qd5 34. h6
Be5 35. Rc1 Bxf6 36. Qa1 Qd3 37. Qa3 Rc7 38. Qb2 Be5 39. Qd2 Qxd2 40. Bxd2 a4
41. Ra1 b2 42. Rb1 a3 43. f4 Bh8 44. Kg2 Kc6 0-1

[Event "Chigorin Memorial 2014"]
[Site "St Petersburg RUS"]
[Date "2014.10.23"]
[Round "6.99"]
[White "Miroshnichenko, Pavel"]
[Black "Egorov, Daniil"]
[Result "1-0"]
[WhiteElo "2270"]
[BlackElo "1974"]
[WhiteFideId "4188659"]
[BlackFideId "24171956"]
[EventDate "2014.10.18"]

1. e4 c5 2. Nc3 Nc6 3. f4 g6 4. Nf3 Bg7 5. Bb5 Nd4 6. Bc4 e6 7. d3 Ne7 8. Nxd4
cxd4 9. Ne2 O-O 10. O-O d5 11. Bb3 a5 12. a4 dxe4 13. dxe4 Qb6 14. Kh1 Bd7 15.
Ng3 Rfd8 16. f5 exf5 17. Bg5 Bf6 18. Qd2 Kg7 19. Rae1 Bxg5 20. Qxg5 Qf6 21. Nh5+ 1-0

[Event "Chigorin Memorial 2014"]
[Site "St Petersburg RUS"]
[Date "2014.10.23"]
[Round "6.100"]
[White "Lantini, Marco"]
[Black "Melnikov, Dmitry"]
[Result "1/2-1/2"]
[BlackTitle "FM"]
[WhiteElo "2035"]
[BlackElo "2260"]
[WhiteFideId "801054"]
[BlackFideId "4146468"]
[EventDate "2014.10.18"]

1. d4 f5 2. g3 Nf6 3. Bg2 d6 4. Nc3 e5 5. dxe5 dxe5 6. Qxd8+ Kxd8 7. e4 Nc6 8.
Bg5 Bd6 9. O-O-O h6 10. Be3 Ke7 11. Nge2 Ng4 12. Nd5+ Kf7 13. Rdf1 Rf8 14. Bd2
Kg8 15. f4 fxe4 16. Bxe4 Nd4 17. Nxd4 exd4 18. h3 Nf6 19. Nxf6+ Rxf6 20. g4 c6
21. f5 Bd7 22. h4 Raf8 23. g5 R6f7 24. gxh6 Bxf5 25. hxg7 Kxg7 26. Rhg1+ Kh8 27.
Bh6 Bxe4 28. Bxf8 Rxf8 29. Rxf8+ Bxf8 30. Rg4 Bh6+ 31. Kb1 1/2-1/2

[Event "Chigorin Memorial 2014"]
[Site "St Petersburg RUS"]
[Date "2014.10.23"]
[Round "6.101"]
[White "Selivanov, Ivan"]
[Black "Gorlanov, Vladislav"]
[Result "1-0"]
[WhiteElo "2000"]
[BlackElo "2235"]
[WhiteFideId "24199060"]
[BlackFideId "24121223"]
[EventDate "2014.10.18"]

1. e4 g6 2. d4 Bg7 3. Nc3 d6 4. Be3 a6 5. Qd2 b5 6. f3 Bb7 7. h4 h5 8. Nh3 Nd7
9. Ng5 Rc8 10. a4 b4 11. Nd1 c5 12. Bc4 e6 13. dxc5 dxc5 14. Ba2 Qe7 15. Bf4 Ne5
16. Ne3 Rd8 17. Qc1 Nh6 18. O-O c4 19. Bxe5 Bxe5 20. Nxc4 Qc5+ 21. Kh1 Bg3 22.
Nh3 Bxh4 23. Qf4 Be7 24. Rad1 Rc8 25. Nd6+ Bxd6 26. Rxd6 Rc6 27. Rfd1 Rxd6 28.
Rxd6 Bc8 29. Bd5 Qxc2 30. Rc6 Qd1+ 31. Kh2 Bd7 32. Qb8+ Ke7 33. Qd6+ Kf6 34.
Qxd7 Ng4+ 35. fxg4 hxg4 36. Rxe6+ fxe6 37. Qxe6+ Kg7 38. Qf7+ Kh6 39. Qf4+ Kh7
40. Qf7+ Kh6 41. Qf6 Rh7 42. Nf4 g3+ 43. Kxg3 Qe1+ 44. Kh2 Rg7 45. Ne6 Rg8 46.
Qf4+ g5 47. Qf6+ Kh5 48. Nf4+ Kh4 49. Qh6+ Kg4 50. Qh3+ Kxf4 51. Bxg8 g4 52.
Qh6+ Ke5 53. Qg5+ Kd4 54. Qxg4 a5 55. b3 Qb1 56. Qg7+ Kd3 57. e5 Qc1 58. e6 Qc5
59. Qg3+ Kc2 60. Bf7 Kb2 61. Qf4 Ka2 62. Qd2+ Ka3 63. Qe1 Qe7 64. Qd1 Ka2 65.
Kh3 Qg5 66. Qe2+ Ka3 67. Qe4 Qh6+ 68. Kg4 Qg7+ 69. Kf5 Qf8 70. Kg6 Qe7 71. Qd5
Qc7 72. g4 Qc2+ 73. Qf5 Qe2 74. g5 Qe3 1-0

[Event "Chigorin Memorial 2014"]
[Site "St Petersburg RUS"]
[Date "2014.10.23"]
[Round "6.102"]
[White "Semenova, Irina"]
[Black "Voronenkov, Sergey"]
[Result "1-0"]
[WhiteTitle "WGM"]
[WhiteElo "2220"]
[BlackElo "1950"]
[WhiteFideId "4118367"]
[BlackFideId "24129674"]
[EventDate "2014.10.18"]

1. e4 c5 2. Nf3 d6 3. d4 cxd4 4. Nxd4 Nf6 5. Nc3 a6 6. Bg5 e6 7. f4 Nbd7 8. Qf3
Qc7 9. O-O-O b5 10. a3 Bb7 11. Bd3 Be7 12. Rhe1 Rc8 13. Qh3 Nc5 14. Bxf6 gxf6
15. Qh5 Qb6 16. f5 e5 17. Ne6 b4 18. axb4 Qxb4 19. Ng7+ Kf8 20. Qh6 Rg8 21. Re3
d5 22. Rg3 Nb3+ 23. Kb1 Rh8 24. Nh5+ Ke8 25. Nxf6+ Kd8 26. Nfxd5 Bxd5 27. Nxd5
Qa5 28. cxb3 1-0

[Event "Chigorin Memorial 2014"]
[Site "St Petersburg RUS"]
[Date "2014.10.23"]
[Round "6.103"]
[White "Ngnegevo, Filipp"]
[Black "Gogin, Maksim"]
[Result "0-1"]
[WhiteElo "1936"]
[BlackElo "2201"]
[WhiteFideId "34112852"]
[BlackFideId "24195871"]
[EventDate "2014.10.18"]

1. e4 c5 2. Nf3 e6 3. d4 cxd4 4. Nxd4 a6 5. c4 Nf6 6. Nc3 Qc7 7. Be3 b6 8. Be2
Bb7 9. f3 Bd6 10. g3 O-O 11. O-O Be7 12. Rc1 d6 13. b4 Nbd7 14. Nb3 Kh8 15. a3
Rg8 16. Qd2 Rac8 17. Na4 Qb8 18. Nxb6 Nxb6 19. Bxb6 Bxe4 20. Be3 Bb7 21. Na5 Ba8
22. c5 dxc5 23. bxc5 Rgd8 24. Qb4 Qe5 25. Nc4 Qxc5 26. Bxc5 Bxc5+ 27. Qxc5 Rxc5
28. Nb6 Ra5 29. Nc4 Rad5 30. Nb6 R5d6 31. Nc8 Rd2 32. Bxa6 Ng4 33. Be2 Rxe2 34.
Rfd1 Rxd1+ 35. Rxd1 Rg2+ 0-1

[Event "Chigorin Memorial 2014"]
[Site "St Petersburg RUS"]
[Date "2014.10.23"]
[Round "6.104"]
[White "Klyuev, Alexander S."]
[Black "Potapova, Margarita"]
[Result "1-0"]
[WhiteElo "2181"]
[BlackElo "1917"]
[WhiteFideId "4194250"]
[BlackFideId "14126869"]
[EventDate "2014.10.18"]

1. e4 Nf6 2. e5 Nd5 3. d4 d6 4. Nf3 Bg4 5. Be2 e6 6. O-O Be7 7. c4 Nb6 8. Nc3
O-O 9. Be3 Nc6 10. exd6 cxd6 11. d5 exd5 12. cxd5 Bxf3 13. Bxf3 Ne5 14. Be2 f5
15. f4 Nec4 16. Bd4 Bf6 17. b3 Ne3 18. Bxe3 Bxc3 19. Rc1 Bf6 20. Qd3 Re8 21. Bf3
g6 22. Bf2 a6 23. Qd2 Nc8 24. Qb4 Qd7 25. Rfe1 Rxe1+ 26. Rxe1 a5 27. Qa3 Bc3 28.
Re6 b5 29. Qc1 b4 30. a4 Ne7 31. Qe3 Kf7 32. h3 Re8 33. Qe2 Bf6 34. Qa6 Qc8 35.
Qxd6 Qc1+ 36. Kh2 Bg7 37. Bh4 Bf8 38. Qe5 Qc3 39. d6 Qc8 40. Rxe7+ Bxe7 41. Bd5+ 1-0

[Event "Chigorin Memorial 2014"]
[Site "St Petersburg RUS"]
[Date "2014.10.23"]
[Round "6.105"]
[White "Terentev, Mikhail"]
[Black "Vastrukhin, Oleg"]
[Result "0-1"]
[WhiteElo "1981"]
[BlackElo "2397"]
[WhiteFideId "24183814"]
[BlackFideId "4192770"]
[EventDate "2014.10.18"]

1. e4 g6 2. d4 Bg7 3. Nc3 c6 4. f4 d5 5. e5 Nh6 6. Nf3 O-O 7. Bd3 f6 8. O-O Bg4
9. Ne2 e6 10. exf6 Bxf6 11. Ne5 Bf5 12. Ng3 Bxd3 13. Qxd3 Nd7 14. Bd2 Bg7 15.
Nf3 Qb6 16. c3 Rae8 17. Kh1 Nf5 18. a4 Nf6 19. Ne5 Nxg3+ 20. hxg3 Ne4 21. Nd7
Qxb2 22. Nxf8 Qxd2 23. Qxd2 Nxd2 24. Nd7 Nxf1 25. Rxf1 b6 26. Kg1 Rd8 27. Ne5
Bxe5 28. fxe5 Rf8 29. Ra1 Kg7 30. a5 b5 31. a6 Kh6 32. Kh2 Kg7 33. Kh3 h5 34.
Re1 Rf2 35. Re3 Ra2 36. Rf3 Rxa6 37. Rf6 c5 38. dxc5 Rc6 39. Kh2 a5 0-1

[Event "Chigorin Memorial 2014"]
[Site "St Petersburg RUS"]
[Date "2014.10.23"]
[Round "6.106"]
[White "Opanasenko, Mikhail"]
[Black "Karasev, Vladimir I"]
[Result "1-0"]
[BlackTitle "IM"]
[WhiteElo "2048"]
[BlackElo "2377"]
[WhiteFideId "24176834"]
[BlackFideId "4103971"]
[EventDate "2014.10.18"]

1. d4 d6 2. Nf3 Bg4 3. e4 Nf6 4. Nc3 Nc6 5. Be3 a6 6. Be2 e6 7. O-O Be7 8. Qd2
O-O 9. Rad1 Bh5 10. a3 Bg6 11. Bd3 Ng4 12. Bf4 Nxd4 13. Nxd4 e5 14. Nf3 exf4 15.
Qxf4 Qc8 16. Nd5 Bd8 17. e5 c6 18. Ne3 Nxe5 19. Nxe5 dxe5 20. Qxe5 Bf6 21. Qg3
Bxb2 22. Nc4 Bf6 23. Nb6 Qe6 24. Bxg6 hxg6 25. Nxa8 Rxa8 26. Rfe1 Qc8 27. Qd6 c5
28. Rd5 Bd4 29. Re4 b5 30. h3 Qf8 31. Qc7 Qb8 32. Qd7 Qc8 33. Re7 Qxd7 34. Rdxd7
Rf8 35. Ra7 Bf6 36. Re2 Rd8 37. Rxa6 Rd1+ 38. Kh2 b4 39. axb4 cxb4 40. Re4 Rd2
41. Rxb4 Rxf2 42. Rc6 g5 43. Re4 Kh7 44. Kg3 Rf1 45. c4 Bc3 46. Re3 Be1+ 47. Kh2
Bd2 48. Re2 Bc3 49. g4 Rc1 50. Kg2 Bd4 51. Rd2 Be5 52. Rd3 Bf4 53. Kf3 Re1 54.
c5 g6 55. Ra6 Rc1 56. c6 Rc4 57. Rb3 Kg7 58. Ke2 Be5 59. Kd3 Rd4+ 60. Kc2 Rc4+
61. Kb1 Kf6 62. Rd3 Ke6 63. Ka2 Rc1 64. Kb3 Bc7 65. Kb4 Bd6+ 66. Kb5 Rb1+ 67.
Kc4 Rc1+ 68. Rc3 Rxc3+ 69. Kxc3 Bc7 70. Kc4 f5 71. Kb5 f4 72. Ra3 Kd5 73. Ra7
Kd6 74. Ra3 Kd5 75. Ra7 Kd6 76. Ra3 Kd5 77. Rd3+ Ke4 78. Rd7 Be5 79. c7 Bxc7 80.
Rxc7 f3 81. Rf7 Ke3 82. Kc5 f2 83. Kd5 Ke2 84. Ke5 f1=Q 85. Rxf1 Kxf1 86. Kf6
Kg2 87. Kxg6 1-0

[Event "Chigorin Memorial 2014"]
[Site "St Petersburg RUS"]
[Date "2014.10.23"]
[Round "6.107"]
[White "Zhdanov, Petr"]
[Black "Abramov, Nikita"]
[Result "0-1"]
[WhiteElo "2040"]
[BlackElo "2318"]
[WhiteFideId "24105929"]
[BlackFideId "24198951"]
[EventDate "2014.10.18"]

1. e4 c5 2. Nf3 d6 3. d4 cxd4 4. Nxd4 Nf6 5. Nc3 Nc6 6. Bb5 Bd7 7. O-O g6 8. Be3
Bg7 9. f3 O-O 10. Qd2 a6 11. Be2 Rc8 12. Nxc6 Bxc6 13. Kh1 b5 14. a3 Nd7 15. Bh6
Qb6 16. Bxg7 Kxg7 17. f4 Rfd8 18. Rf3 Nf6 19. Rh3 Bxe4 20. f5 Rxc3 21. Rxc3 Qf2
22. Rg1 Qxf5 23. Rf1 Qe5 24. Bf3 d5 25. Re1 d4 26. Rd3 Qd5 27. Qf4 Bxf3 28. Qxf3
Qc5 29. c3 e5 30. cxd4 Rxd4 31. Rc3 Qa7 32. Rxe5 Ng4 33. Re1 Rd1 34. Rxd1 Nf2+
35. Kg1 Nxd1+ 36. Kf1 Nxc3 37. Qxc3+ f6 38. h3 Qd7 39. Kg1 Qd1+ 40. Kf2 Qd6 41.
Kg1 h5 42. Qe3 g5 43. Qe2 h4 44. Qc2 a5 45. Qc3 a4 46. Qc2 Qe5 47. Qd2 Kg6 48.
Qd3+ Qf5 49. Qd2 Qc5+ 50. Kh2 Qc4 51. Kg1 Kf5 52. Qf2+ Ke5 53. Qe3+ Kd5 54. Kh1
Qf1+ 0-1